Govt. of
Madhya Pradesh

Frames Of Fame (Record no. 16314)

MARC details
000 -LEADER
fixed length control field 004840000a22001930004500
001 - CONTROL NUMBER
control field 004425
003 - CONTROL NUMBER IDENTIFIER
control field MACL
005 - DATE AND TIME OF LATEST TRANSACTION
control field 20151119170641.0
008 - FIXED-LENGTH DATA ELEMENTS--GENERAL INFORMATION
fixed length control field 151119b xxu||||| |||| 00| 0 eng d
040 ## - CATALOGING SOURCE
Original cataloging agency MACL
Transcribing agency MACL
041 ## - LANGUAGE CODE
Language code of text/sound track or separate title English
082 ## - DEWEY DECIMAL CLASSIFICATION NUMBER
Classification number 782/AHM
100 ## - MAIN ENTRY--PERSONAL NAME
Personal name Ahmed, Shahab
9 (RLIN) 17582
245 ## - TITLE STATEMENT
Title Frames Of Fame
Remainder of title A Visual Though Bollywood 1913-2004
Statement of responsibility, etc. Shahab Ahmed
260 ## - PUBLICATION, DISTRIBUTION, ETC. (IMPRINT)
Place of publication, distribution, etc. Ahmed, Shahab,
Date of publication, distribution, etc. 2004
350 ## - PRICE (NR) (BK AM CF MU VM SE) [OBSOLETE]
Price 9000
650 ## - SUBJECT ADDED ENTRY--TOPICAL TERM
Topical term or geographic name as entry element Cinema
9 (RLIN) 7620
942 ## - ADDED ENTRY ELEMENTS (KOHA)
Call number prefix 783
Koha item type Books
Source of classification or shelving scheme
Holdings
Withdrawn status Lost status Source of classification or shelving scheme Damaged status Not for loan Home library Current library Date acquired Cost, normal purchase price Total Checkouts Full call number Barcode Date last seen Uniform Resource Identifier Price effective from Koha item type
          MACL MACL 15/04/2015 9000.00   783 CRE017108 02/05/2024 16220 15/04/2015 Books